Thoughts on Design /
Obra clásica sobre diseño gráfico donde se postulan los principios para la forma, el contenido y la utilidad de los diseños, a partir de ejemplos de tipografía, diseño editorial, empaques y publicidad que el propio autor elaboró en sus 60 años de práctica profesional en los Estados Unidos.
Gespeichert in:
| 1. Verfasser: | |
|---|---|
| Format: | Buch |
| Sprache: | Englisch |
| Veröffentlicht: |
Londres, Inglaterra :
Studio Vista,
1970, c1970
|
| Ausgabe: | 3a edición |
| Schlagworte: | |
| Tags: |
Keine Tags, Fügen Sie das erste Tag hinzu!
|
MARC
| LEADER | 00000nam^a2200000^a^4500 | ||
|---|---|---|---|
| 001 | 000187937 | ||
| 005 | 20250521000000.0 | ||
| 009 | 20260310102321.066 | ||
| 022 | |a 289-79835-3 | ||
| 037 | |a Acervo ITESO - Biblioteca | ||
| 041 | |a ING | ||
| 082 | |a 741. 6 |b RAN | ||
| 100 | |a Rand, Paul |e (autor) | ||
| 245 | 1 | 0 | |a Thoughts on Design / |c P. Rand. |
| 250 | |a 3a edición | ||
| 264 | 4 | |a Londres, Inglaterra : |b Studio Vista, |c 1970, c1970 | |
| 300 | |a 95 p. | ||
| 336 | |a texto |b txt |2 rdacontenido | ||
| 337 | |a sin mediación |b n |2 rdamedio | ||
| 338 | |a volumen |b nc |2 rdasoporte | ||
| 520 | |a Obra clásica sobre diseño gráfico donde se postulan los principios para la forma, el contenido y la utilidad de los diseños, a partir de ejemplos de tipografía, diseño editorial, empaques y publicidad que el propio autor elaboró en sus 60 años de práctica profesional en los Estados Unidos. | ||
| 649 | |a XX | ||
| 650 | |a Forma (Estética) | ||
| 650 | |a Tipografía | ||
| 650 | |a Diseño Editorial - |z EUA | ||
| 650 | |a Diseño Gráfico - |z EUA | ||
| 650 | |a Diseño Gráfico - |x Teoría | ||
| 650 | |a Diseño - |x Teoría | ||
| 650 | |a Publicidad - |z EUA | ||
| 650 | |a Arte Norteamericano - |y Siglo XX | ||
| 650 | |a Arte Norteamericano - |x Historia y Crítica | ||
| 910 | |a Fondo Julio de la Peña Lomelín | ||
| 920 | |a Impresos - Libros | ||
| 930 | |a Arquitectos Jaliscienses | ||
| 905 | |a 115 | ||
| 901 | |a 0500130638 |b IT1 |c JAL |u 20250521 | ||
| 902 | |a https://opac.biblio.iteso.mx/vufind/Record/000187937 | ||